000 00669nam a2200205Ia 4500
003 IN-BaIIA
008 211028s9999 xx 000 0 eng d
020 _a1-4020-3726-0
040 _cIIA Library
080 _a52(082.1)
_bASS-331
245 0 _aUltraviolet radiation in the solar system
_cedited by M. Vazquez and A. Hanslmeier
260 _aDordrecht
_bSpringer
_c2006
300 _axii, 380p.
490 _aAstrophysics and space science library; v. 331
650 _aSolar system
650 _aUltraviolet radiation
_92770
700 _aHanslmeier, A., ed.
700 _aVazquez, M., ed.
_915888
942 _cBK
999 _c16158
_d16158